000 00460nam a22001577a 4500
005 20250730145521.0
008 250730b |||||||| |||| 00| 0 eng d
020 _a9789937983556
082 _223rd.
_a808.899282
_bC35t
100 1 _aChalise, Vijaya
245 _aThe toy gun and other stories /
_cVijaya Chalise.
260 _aKathmandu :
_bSwar Publications,
_c2025.
300 _a167p. : ill.
650 _aChildren's literature
_913418
942 _2ddc
_cGEN
999 _c124143
_d124131